000 00675nam a2200265Ia 4500
005 20260306163937.0
008 008 260114s9999 xx 000 0 eng d
020 _a9781529225617
037 _aEBOOK
040 _aCRL
040 _beng
040 _cCRL
041 _2eng
041 _aeng
084 _qCRL
100 _aLevell
_91128850
245 0 _aExploring Urban Youth Culture Outside Of The Gang Paradigm: Critical Questions Of Youth, Gender And Race On-road
260 _bThe Policy Press
260 _c2024
650 _aLaw
856 _uhttps://academic.oup.com/book/56887
942 _cEBOOK
999 _c1712116
_d1712116